Statistics for Little Britain Quiz

Click here to take the quiz!

General Stats

  • This quiz has been taken 213 times
  • The average score is 4 of 9

Answer Stats

HintAnswer% Correct
lou and?andy
96%
bubbles's surname?devere
58%
what is the name of the transfestite in series one?emily howard
43%
the narrator is the voice of who?tom baker
42%
who wants to write and sing theme tunes for films?dennis waterman
40%
who are the two main actors?david walliams and matt lucas
33%
carol's surname?beer
31%
patient in hospital?anne
27%
the only gay in the village?dafydd thomas
13%

Score Distribution

Percentile by Number Answered

Percent of People with Each Score

Your Score History

You have not taken this quiz